|
|
|
|
| LEADER |
00976nam a22002177a 4500 |
| 001 |
AAL8286 |
| 003 |
BD-DhAAL |
| 005 |
20160206145306.0 |
| 008 |
160206m20042013bd ||||| |||| 00| 0 ben d |
| 020 |
|
|
|a 9847034300345
|
| 082 |
|
|
|a 891.4427
|
| 100 |
|
|
|a গুন, নির্মলেন্দু
|9 17736
|
| 245 |
|
|
|a নির্বাচিত ১০০ কবিতা /
|c নির্মলেন্দু গুন
|
| 260 |
|
|
|a ঢাকা :
|b বিভাস,
|c ২০১৩.
|
| 300 |
|
|
|a ১৭৬ পৃ. ;
|c ২২ সে.মি.
|
| 541 |
|
|
|e 8286
|
| 650 |
|
|
|a Bengali poetry
|9 17737
|
| 942 |
|
|
|2 ddc
|c BK
|
| 999 |
|
|
|c 36770
|d 36770
|
| 952 |
|
|
|0 0
|1 0
|2 ddc
|4 0
|6 891_441000000000000_GUN
|7 0
|9 57861
|a SCL
|b SCL
|c GEN
|d 2016-02-06
|g 200.00
|l 6
|m 18
|o 891.441 GUN
|p 3020008286
|r 2024-06-08
|s 2024-06-02
|t 1
|w 2016-02-06
|y BK
|
| 952 |
|
|
|0 0
|1 0
|2 ddc
|4 0
|6 891_441000000000000_GUN
|7 0
|9 57862
|a SCL
|b SCL
|c GEN
|d 2016-02-06
|g 200.00
|l 10
|m 26
|o 891.441 GUN
|p 3020008285
|r 2024-05-31
|s 2024-05-29
|t 2
|w 2016-02-06
|y BK
|